000 01206nam2a22003131 4500
001 rc\4924975
005 20130426155703.9
021 _aRU
_b[58-10604]
035 _a(NLR Aleph) 008942732
090 _a8955492
_c8955492
100 _a20130426d1958 |||y0rusy50 ca
101 0 _arus
_ager
102 _aRU
105 _aa z |||||
200 0 _aЧ. 2
205 _a2-е изд., испр.
210 _d1958
215 _a375 с.
_cсхем.
300 _aПеред загл. ч. 2 авт.: Н.А. Дианин, А.А. Попов, В.С. Рубан, Ц.Б. Чаплинская
461 0 _1001rc\4924973
_12001#$aУчебник немецкого языка$eДля высш. воен.-учеб. заведений$eЧ. 1-$vЧ. 2
_98955481
_cМосква
_d1958
_nИзд-во лит. на иностр. яз.
_oДля высш. воен.-учеб. заведений : Ч. 1-
_tУчебник немецкого языка
_vЧ. 2
701 1 _aРубан
_bВ. С.
701 1 _aЧаплинская
_bЦ. Б.
701 1 _aПопов
_bА. А.
701 1 _aДианин
_bН. А.
801 0 _aRU
_bNLR
_gpsbo
801 1 _aRU
_bELAR
_2rusmarc
852 _aNLR
_j58-5/960
942 _cBOOK
980 _aNB